| 000 | 01378cam a2200289 4500 | ||
|---|---|---|---|
| 001 | WB3649-23 | ||
| 008 | 000000n2000 000 0 eng u | ||
| 035 | _a(Sirsi) u109969 | ||
| 245 | _aRuling means chaos for planning system | ||
| 260 | _c2000 | ||
| 490 |
_aTimes _v 14 December 2000, 1; |
||
| 490 |
_aDaily Telegraph _v 14 December 2000, 13(2) |
||
| 520 | _aConsiders the implications of the High Court ruling that government powers to decide planning applications are incompatible with the Human Rights Convention. One planning expert predicts that government will make the planning inspectorate totally independent from the Secretary of State. Briefly describes the four test cases which were before the court. | ||
| 590 | _aWB | ||
| 650 | _aR V SOS ENVIRONMENT EX P HOLDING AND BARNES PLC | ||
| 650 | _aR V SOS ENVIRONMENT EX P PREMIER LEISURE | ||
| 650 | _aR V SOS ENVIRONMENT, TRANSPORT AND THE REGIONS EX P ALCONBURY DEVELOPMENTS | ||
| 650 | _aR V SOS ENVIRONMENT EX P LEGAL AND GENERAL ASSURANCE SOCIETY | ||
| 650 | _aPLANNING SYSTEM | ||
| 650 | _aCONVENTION FOR THE PROTECTION OF HUMAN RIGHTS AND FUNDAMENTAL FREEDOMS | ||
| 650 | _aEUROPEAN COURT OF HUMAN RIGHTS | ||
| 650 | _aPLANNING INSPECTORATE | ||
| 650 | _aFAIR HEARING | ||
| 650 | _aADMINISTRATION | ||
| 690 | _aENVIRONMENTAL AND LAND CONSULTANCY-PLANNING AND DEVELOPMENT | ||
| 942 | _n0 | ||
| 999 |
_c65592 _d65592 |
||